Freeze Corleone featuring - Statistiques

Statistiques générales
  • Ce quiz a été pris 495 fois
    492 depuis la dernière actualisation
  • Le résultat moyen est 15 sur 44
Statistiques - réponses
DeAnswer % Correct
Afro S
84%
Koba la D
83%
Osirus Jack
80%
Ashe 22
79%
Slim C
78%
Alpha 5.20
76%
Alpha wann
68%
Gazo
62%
Kaaris
62%
Kalash Criminel
56%
Central Cee
53%
Sch
53%
Zuukou Mayzie
52%
Roi Heenok
50%
Luv resval
41%
La F
40%
Kaki Santana
35%
Lyonzon
35%
Stavo
33%
Alkpote
30%
Black Jack OBS
28%
Django
28%
Worms-T
28%
DOC OVG
26%
Shone
26%
Norsacce Berlusconi
25%
Despo rutti
23%
Nahir
22%
Guy2bezbar
18%
Mini
18%
Jolly
17%
667
16%
Negrito
16%
Veerus
15%
Seth Gueko
14%
Sazamyzy
13%
Lala&ce
11%
RAS
9%
Zesau
8%
Deeloc
5%
Kozi
5%
Jorrdee
4%
Odeuxzero
3%
Criminls
2%
Aucun quiz correspondant
Distribution des résultats
% des personnes avec chaque résultat
Percentile par nombre de réponses
Votre historique - résultats
Vous n’avez pas pris ce quiz depuis la dernière actualisation